BIBLIOTECA

SENCICO

La ingeniería en edificios de alta tecnología (Registro nro. 2016)

Detalles MARC
000 -LEADER
fixed length control field 00602nam a2200193Ia 4500
005 - DATE AND TIME OF LATEST TRANSACTION
control field 20251020182529.0
008 - FIXED-LENGTH DATA ELEMENTS--GENERAL INFORMATION
fixed length control field 200515s9999 xx 000 0 und d
082 ## - DEWEY DECIMAL CLASSIFICATION NUMBER
Classification number 696.22/D69
245 #0 - TITLE STATEMENT
Title La ingeniería en edificios de alta tecnología
260 ## - PUBLICATION, DISTRIBUTION, ETC.
Place of publication, distribution, etc. Aravaca
260 ## - PUBLICATION, DISTRIBUTION, ETC.
Date of publication, distribution, etc. 1999
300 ## - PHYSICAL DESCRIPTION
Extent DIAZ OLIVARES, José Carlos
500 ## - GENERAL NOTE
General note 1 ejemplar
520 ## - SUMMARY, ETC.
Summary, etc. Pretende abordar todas las nuevas tecnologías informáticas y de control que afectan a los edificios de alta tecnología
650 ## - SUBJECT ADDED ENTRY--TOPICAL TERM
Topical term or geographic name entry element EDIFICIOS INTELIGENTES
650 ## - SUBJECT ADDED ENTRY--TOPICAL TERM
Topical term or geographic name entry element LIB
650 ## - SUBJECT ADDED ENTRY--TOPICAL TERM
Topical term or geographic name entry element MANTENIMIENTO DE EDIFICIOS
942 ## - ADDED ENTRY ELEMENTS (KOHA)
Koha item type Libros
Existencias
Fecha de la última vez que lo usaron Pago total Signatura topográfica completa Código de barras Precio efectivo desde Tipo de documento Estado perdido Estado dañado No es para préstamo Retirado Ubicación permanente Ubicación actual Fecha de adquisición
15/05/2020   696.22/D69 Bib-Lima15052016 15/05/2020 Libros         Biblioteca Central Lima Biblioteca Central Lima 15/05/2020